000 00428nam a22001217a 4500
082 _a200 THE
100 _aSumaiyya Farooq
_969870
245 _aTH-SOF-1313-Estimation of Congestion of Pilgrims in Hajj and Umrah Congregation Using Image and Video Analytics
260 _aIslamabad
_bNUST College of EME
_c2016
650 _a MS-COMPUTER ENGINEERING-81 MSTHESIS
700 _aSupervisor Dr. Shoab Ahmed Khan
_969871
942 _cCF
999 _c576960
_d576960